Library of the University of Algiers 3
Ibrahim Sultan Cheibout
شعار جامعة الجزائر 3
مكتبة جامعة الجزائر 3
إبراهيم سلطان شيبوط

انشاء وإدارة موقع الوب / (رقم التسجيلة. 43023)

تفاصيل مارك
000 -LEADER
fixed length control field 01256nam a2200265Ia 4500
003 - CONTROL NUMBER IDENTIFIER
control field Ost
005 - DATE AND TIME OF LATEST TRANSACTION
control field 20260507075117.0
008 - FIXED-LENGTH DATA ELEMENTS--GENERAL INFORMATION
fixed length control field 260507s9999||||xx |||||||||||||| ||und||
020 ## - INTERNATIONAL STANDARD BOOK NUMBER
International Standard Book Number 3100069957
040 ## - CATALOGING SOURCE
Transcribing agency fsecg
041 ## - LANGUAGE CODE
Language code of text/sound track or separate title ara
082 ## - DEWEY DECIMAL CLASSIFICATION NUMBER
Classification number 5.42
100 ## - MAIN ENTRY--PERSONAL NAME
Personal name شلباية، مراد
Relator term مؤلف
245 #0 - TITLE STATEMENT
Title انشاء وإدارة موقع الوب /
Statement of responsibility, etc. مراد شلباية
260 ## - PUBLICATION, DISTRIBUTION, ETC.
Place of publication, distribution, etc. عمان:
Name of publisher, distributor, etc. دار المسيرة للنشر والتوزيع,
Date of publication, distribution, etc. 2002
300 ## - PHYSICAL DESCRIPTION
Extent 541 صفحة؛
Other physical details إيضاحات ؛
Dimensions 24 سم
520 ## - SUMMARY, ETC.
Summary, etc. أساسيات التخطيط وصفحات الوب- تحليل وتصميم مواقع الوب- النماذج وعناصرها وأحداثها- لغة HTML الديناميكية- لغة الأوراق المتشعبةSCC- اضافة الوسائط المتعددة الى صفحة الوب- لغة الجافا- اضافة لغة HTML- من خلال FRONT PAGE- إدارة وصيانة مواقع الوب
653 ## - INDEX TERM--UNCONTROLLED
Uncontrolled term الحاسوب- البرمجة
653 ## - INDEX TERM--UNCONTROLLED
Uncontrolled term الحواسيب
653 ## - INDEX TERM--UNCONTROLLED
Uncontrolled term برامج الحاسوب
653 ## - INDEX TERM--UNCONTROLLED
Uncontrolled term مواقع الواب- إدارة
653 ## - INDEX TERM--UNCONTROLLED
Uncontrolled term مواقع الواب- تصميم
700 ## - ADDED ENTRY--PERSONAL NAME
Personal name جابر، ماهر
Relator term مؤلف ثانوي
942 ## - ADDED ENTRY ELEMENTS (KOHA)
Koha item type كتب
المقتنيات
Withdrawn status Lost status Source of classification or shelving scheme Damaged status Not for loan Home library Current library Date acquired Serial enumeration / chronology Inventory number Total checkouts Full call number Barcode Date last seen Price effective from Koha item type
    Dewey Decimal Classification   NOT LOAN / إعارة داخلية مكتبة كلية العلوم الإقتصادية والعلوم التجارية وعلوم التسيير مكتبة كلية العلوم الإقتصادية والعلوم التجارية وعلوم التسيير 07/05/2026 الطابق الأرضي 1938/1   أ/1938ن1 1938/1 07/05/2026 07/05/2026 كتب
    Dewey Decimal Classification   Available مكتبة كلية العلوم الإقتصادية والعلوم التجارية وعلوم التسيير مكتبة كلية العلوم الإقتصادية والعلوم التجارية وعلوم التسيير 07/05/2026 الطابق الأرضي 1938/2   أ/1938ن2 1938/2 07/05/2026 07/05/2026 كتب
    Dewey Decimal Classification   Available مكتبة كلية العلوم الإقتصادية والعلوم التجارية وعلوم التسيير مكتبة كلية العلوم الإقتصادية والعلوم التجارية وعلوم التسيير 07/05/2026 الطابق الثاني 1938/3   أ/1938ن3 1938/3 07/05/2026 07/05/2026 كتب

موارد الويب المفتوحة


© University of Algiers 3 All Rights Reserved
|
Implemented by LECHELAH Riad